| 000 | 01813nam a2200313 4500 | ||
|---|---|---|---|
| 001 | 198 | ||
| 003 | OSt | ||
| 005 | 20250528074014.0 | ||
| 008 | 250203b |||||||g |||| 00| 1 eng d | ||
| 020 | _a9788528612271 | ||
| 040 | _bpor | ||
| 041 |
_heng _apor |
||
| 082 |
_a813 _bD353p |
||
| 100 | 1 |
_aDelinsky, Barbara, _d1945- _9360 |
|
| 240 | _aThe passions of Chelsea Kane | ||
| 245 |
_aPaixões perigosas / _cDelinsky, Barbara ; Tradução de A. B. Pinheiro de Lemos |
||
| 250 | _a3° edição | ||
| 260 |
_aRio de Janeiro _bBertrand Brasil _c2013 |
||
| 300 | _a518 p. | ||
| 520 | _aDepois da morte de sua mãe adotiva, Chelsea Kane, 36 anos, é dominada pela necessidade de descobrir quem são seus pais biológicos. Ela tira uma folga de seu bem-sucedido escritório de arquitetura e vai para a pequena cidade onde nasceu, determinada a descobrir a verdade. Em sua busca, encontrará fortes desafios ao coração e ameaças graves à integridade física. Originalmente escrito em 1992, "Paixões Perigosas", de Barbara Delinsky, está sendo relançado nos Estados Unidos numa luxuosa edição de capa dura, pois, segundo seu editor, "é um clássico, poderoso e inesquecível, talvez o melhor romance desta magnífica autora". Poucas escritoras traduzem tão bem os problemas da alma feminina como a norte-americana Barbara Delinsky. Com personagens memoráveis e uma narrativa envolvente, Paixões Perigosas é o livro que garantiu à escritora um sucesso estrondoso no mundo inteiro. O Brasil estava à espera desse merecido êxito. | ||
| 650 | 0 |
_aLiteratura Americana _984 |
|
| 650 | 0 |
_aChick Lit _9363 |
|
| 650 | 0 |
_aAmor e Paixão _925 |
|
| 650 | 0 |
_aFamilia _935 |
|
| 655 | 0 |
_aRomance _923 |
|
| 655 | 0 |
_aFicção _922 |
|
| 700 |
_aA. B. Pinheiro de Lemos _eTradutor _9109 |
||
| 942 |
_2ddc _n0 _cBK |
||
| 999 |
_c198 _d198 |
||